[Event "Katerini op"]
[Site "Katerini"]
[Date "1992.??.??"]
[Round "?"]
[White "Papastavropoulos, Andreas"]
[Black "Tolnai, Tibor"]
[Result "0-1"]
[WhiteElo "2225"]
[BlackElo "2495"]

1.e4 c5 2.Nf3 e6 3.d4 cxd4 4.Nxd4 a6 5.Bd3 Qc7 6.Be3 Nf6 7.Nd2 d5 8.O-O e5
9.N4b3 Be7 10.a4 Ng4 11.h3 Nxe3 12.fxe3 Be6 13.Qf3 dxe4 14.Bxe4 Nc6 15.Bf5 Bxf5
16.Qxf5 O-O 17.Ne4 Nb4 18.Rf2 Rad8 19.Raf1 Nd5 20.Qf3 f5 21.Nc3 Nxc3 22.bxc3 Bh4
23.Rd2 e4 24.Qe2 g6 25.Rxd8 Rxd8 26.c4 Qd7 27.c5 Qd5 28.Nd4 Bg5 29.Nb3 Be7
30.g4 Bxc5 31.Nxc5 Qxc5 32.gxf5 gxf5 33.Kh1 Kh8 34.c4 Qe5 35.Rg1 Rg8 36.Rxg8+ Kxg8
37.Qd2 Qe6 38.Qd8+ Kf7 39.Qc7+ Qe7 40.Qc8 Kf6 41.Qh8+ Ke6 42.Qg8+ Qf7 43.Qd8 Qd7
44.Qg8+ Kf6 45.Qh8+ Kg6 46.Qg8+ Kh5 47.Kg2 Qd2+ 48.Kf1 Qd1+ 49.Kg2 Qf3+ 50.Kh2 Qf2+
51.Kh1 h6 52.Qf7+ Kh4 53.Qf6+ Kxh3 54.Qxh6+ Qh4  0-1

[Event "Katowice op"]
[Site "Katowice"]
[Date "1992.??.??"]
[Round "3"]
[White "Renet, Olivier"]
[Black "Adamski, Jan"]
[Result "1-0"]
[WhiteElo "2495"]
[BlackElo "2375"]

1.e4 c5 2.Nf3 e6 3.d4 cxd4 4.Nxd4 a6 5.Bd3 Nf6 6.O-O d6 7.c4 Bd7 8.Nc3 Nc6
9.Be3 Ne5 10.Be2 Rc8 11.f4 Nxc4 12.Bxc4 Rxc4 13.e5 Ng8 14.Qe2 d5 15.f5 Bc5
16.fxe6 Bxe6 17.Nxe6 Bxe3+ 18.Qxe3 fxe6 19.b3 Rc6 20.Ne2 Nh6 21.Nd4 Qb6 22.Kh1 Nf5
23.Nxf5 exf5 24.Qd3 O-O 25.Rxf5 Rxf5 26.Qxf5 Qe3 27.Rf1 h6 28.h3 d4 29.Qb1 Qe2
30.Rf3 Qxe5 31.Rf5 Qe2  1-0

[Event "Katowice op"]
[Site "Katowice"]
[Date "1992.??.??"]
[Round "9"]
[White "Gizynski, Tomasz"]
[Black "Landa, Konstantin"]
[Result "0-1"]
[WhiteElo "2310"]
[BlackElo "2440"]

1.e4 c5 2.Nf3 e6 3.d4 cxd4 4.Nxd4 a6 5.Bd3 g6 6.O-O Bg7 7.Be3 d5 8.exd5 Qxd5
9.Nc3 Qd8 10.Be2 Nd7 11.Qd2 Ne7 12.Bh6 O-O 13.Bxg7 Kxg7 14.Rad1 Qc7 15.Ne4 Nd5
16.c4 N5f6 17.Nxf6 Nxf6 18.b3 Bd7 19.Qb2 e5 20.Nc2 Bc6 21.Rfe1 Rfe8 22.Bf1 a5
23.Rd2 Re6 24.Ne3 Rd8 25.Red1 Rxd2 26.Qxd2 Ne4 27.Qb2 Qb6 28.Bd3 Nc5 29.Bb1 Re7
30.Ng4 f6 31.Qc1 Be8 32.Qh6+ Kg8 33.h4 Qe6 34.Ne3 Rd7 35.Rd5 Rxd5 36.Nxd5 f5
37.Bxf5 gxf5 38.Qg5+ Kf7 39.h5 h6 40.Qd8 Bc6 41.Qh8 Bxd5 42.cxd5 Qf6 43.Qh7+ Ke8
44.Qc7 b6 45.a3 Nd7 46.d6 Qe6 47.b4 axb4 48.axb4 b5 49.Qc8+ Kf7 50.Qc6 Nf6
51.Qc7+ Qd7 52.Qc1 Qxd6  0-1

[Event "Kecskemet2"]
[Site "Kecskemet"]
[Date "1992.??.??"]
[Round "5"]
[White "Lyrberg, Patrik"]
[Black "Sjoberg, Mats"]
[Result "0-1"]
[WhiteElo "2425"]
[BlackElo "2470"]

1.e4 c5 2.Nf3 e6 3.d4 cxd4 4.Nxd4 a6 5.Bd3 Bc5 6.Nb3 Ba7 7.Nc3 Nc6 8.Qe2 d6
9.Be3 Nf6 10.Bxa7 Rxa7 11.f4 b5 12.O-O-O e5 13.f5 h5 14.g4 hxg4 15.Rdg1 Qb6
16.h3 Rxh3 17.Nd5 Nxd5 18.exd5 Nb4 19.Be4 Qe3+ 20.Qxe3 Rxe3 21.Rxg4 Rc7 22.c3 Ke7
23.Rd1 Rc4 24.Nd2 Nd3+ 25.Kb1 Nf2 26.Nxc4 bxc4  0-1

[Event "Kuala Lumpur op"]
[Site "Kuala Lumpur"]
[Date "1992.??.??"]
[Round "6"]
[White "Prasad, Devaki V"]
[Black "Conquest, Stuart"]
[Result "0-1"]
[WhiteElo "2415"]
[BlackElo "2485"]

1.e4 c5 2.Nf3 e6 3.d4 cxd4 4.Nxd4 a6 5.Bd3 Bc5 6.Nb3 Ba7 7.Qe2 Nc6 8.Be3 Nge7
9.Bxa7 Rxa7 10.Nc3 d6 11.O-O b5 12.a3 Ng6 13.f4 e5 14.f5 Nf4 15.Qe3 O-O 16.Kh1 f6
17.a4 Nxd3 18.Qxd3 Nb4 19.Qe2 bxa4 20.Rxa4 a5 21.Nxa5 Rxa5 22.Qc4+ d5 23.Qxb4 Rxa4
24.Nxa4 dxe4 25.Qxe4 Qc7 26.Qd5+ Kh8 27.Qc5 Qf7 28.Qd6 Re8 29.b3 Qh5 30.Qd3 e4
31.Qe3 Bxf5 32.Nc5 Bg6 33.c4 Qe5 34.Nd7 Qd6 35.Nb6 Bf7 36.Kg1 h6 37.Re1 f5
38.Rf1 Be6 39.c5 Qc6 40.Qd4 Bxb3 41.Rxf5 e3 42.Rf1 e2 43.Re1 Qb5 44.h3 Rf8
45.Kh2 Rf1 46.Kg3  0-1

[Event "ARG-ch sf2"]
[Site "La Plata"]
[Date "1992.??.??"]
[Round "?"]
[White "Adla, Diego"]
[Black "Giardelli, Sergio C"]
[Result "1/2-1/2"]
[WhiteElo "2435"]
[BlackElo "2430"]

1.e4 c5 2.Nf3 e6 3.d4 cxd4 4.Nxd4 a6 5.Bd3 Bc5 6.Nb3 Ba7 7.Nc3 Nc6 8.Qe2 d6
9.Be3 Bxe3 10.Qxe3 Nf6 11.O-O-O O-O 12.f4 Qc7 13.Rhg1 b5 14.g4 b4 15.Ne2 a5
16.Nbd4 Ba6 17.Kb1 Bxd3 18.cxd3 Qb6 19.f5 Nd7 20.Nc2 b3 21.axb3 Qxb3 22.Ned4 Nxd4
23.Nxd4 Qb6 24.Rge1 Rab8 25.Rd2 Nc5 26.f6 gxf6 27.g5 Kh8 28.gxf6 Rg8 29.Nf3 Nb3
30.Rde2 Qb5 31.Nd4 Nxd4 32.Qxd4 e5 33.Qc4 Qxc4 34.dxc4 Rg6 35.Rf2 Rb4 36.Rd1 Rxc4
37.Rxd6 Rxe4 38.Rd8+ Rg8 39.Rd7 Rf4 40.Rxf4 exf4 41.Rd5 f3  1/2-1/2

[Event "Ladenburg BM"]
[Site "Ladenburg"]
[Date "1992.??.??"]
[Round "1"]
[White "Vatter, Hans Joachim"]
[Black "Kurz, Eugen"]
[Result "1-0"]
[WhiteElo "2280"]
[BlackElo "2330"]

1.e4 c5 2.Nf3 e6 3.d4 cxd4 4.Nxd4 a6 5.Bd3 Nc6 6.Nxc6 bxc6 7.c4 Nf6 8.O-O e5
9.Nc3 Be7 10.Rb1 a5 11.a3 Rb8 12.Bd2 O-O 13.Qe1 d6 14.Na4 Ra8 15.Qe2 Be6
16.Bc3 Nd7 17.c5 d5 18.exd5 Bxd5 19.Bxe5 Re8 20.Bc3 Nxc5 21.Nxc5 Bxc5 22.Qg4 g6
23.Rbd1 Ra7 24.Rfe1 Rxe1+ 25.Rxe1 Re7 26.Rxe7 Bxe7 27.Qd4 f6 28.h4 c5 29.Qe3 Bf8
30.Qf4 Kg7 31.h5 Bd6 32.Qg5 Be7 33.hxg6 h6 34.Qe3 Qc7 35.Bd2  1-0

[Event "Ladenburg BM"]
[Site "Ladenburg"]
[Date "1992.??.??"]
[Round "3"]
[White "Beikert, Guenther"]
[Black "Kurz, Eugen"]
[Result "1-0"]
[WhiteElo "2350"]
[BlackElo "2330"]

1.e4 c5 2.Nf3 e6 3.d4 cxd4 4.Nxd4 a6 5.Bd3 Qc7 6.O-O b5 7.Qe2 Bb7 8.c4 b4
9.a3 Nc6 10.Nxc6 Qxc6 11.axb4 Bxb4 12.Bd2 a5 13.Nc3 Nf6 14.f3 d6 15.Nd5 Bxd2
16.Nxf6+ gxf6 17.Qxd2 Qb6+ 18.Kh1 Ke7 19.f4 f5 20.exf5 Rhg8 21.Rf2 Rg4 22.fxe6 fxe6
23.Bf1 h5 24.Re1 Rag8 25.Re3 Kd7 26.Qe1 h4 27.h3 Rg3 28.Rxg3 hxg3 29.Rd2 Qb4
30.Qe3 Kc7 31.Be2 Rh8 32.Kg1 a4 33.Bd1 Bc6 34.Qa7+ Kc8 35.Qd4 Kc7 36.Re2 Re8
37.Qg7+ Kb6 38.Qxg3 Qxc4 39.Rc2 Qd4+ 40.Qf2 Qxf2+ 41.Kxf2 Rf8 42.Ke3 e5 43.fxe5 dxe5
44.Rf2 Rg8 45.g4 Kc5 46.h4 Rd8 47.Rc2+ Kb6 48.Rd2 Rf8 49.Rf2 Rd8 50.Bf3 Rd4
51.h5 Be8 52.Rd2 Rb4 53.h6 Rb3+ 54.Kf2 Bg6 55.Rd6+ Kc5 56.Rxg6 Rxb2+ 57.Kg3  1-0

[Event "Ladenburg BM"]
[Site "Ladenburg"]
[Date "1992.??.??"]
[Round "4"]
[White "Vatter, Hans Joachim"]
[Black "Schneider, Attila"]
[Result "1-0"]
[WhiteElo "2280"]
[BlackElo "2375"]

1.e4 c5 2.Nf3 e6 3.d4 cxd4 4.Nxd4 a6 5.Bd3 Qc7 6.Nc3 Nf6 7.O-O Bc5 8.Nb3 Ba7
9.Qe2 h5 10.h3 Nc6 11.Be3 b5 12.Bxa7 Rxa7 13.Rfe1 d6 14.Rad1 Qb8 15.Qe3 h4
16.Nd4 Nxd4 17.Qxd4 Rd7 18.a4 Rh5 19.axb5 axb5 20.Be2 Rg5 21.f4 e5 22.fxe5 Rxe5
23.Bxb5 Rxb5 24.Nxb5 Qxb5 25.e5 Ng8 26.exd6+ Kf8 27.c4 Qb8 28.c5 Bb7 29.b4 Bc6
30.Qxh4 Rb7 31.Rd4 Qc8 32.Re3 g6 33.Qg5 Qa8 34.Qe5 Qa2 35.Re2 Qa4 36.Kh2 f6
37.Qe6 Kg7 38.Rf2 Rf7 39.Rh4 Qa7 40.Ra2 Qb7 41.Rb2 g5 42.Rd4 Bb5 43.Rbd2 Bd7
44.Qd5 Qb5 45.Qc4 Qb7 46.Ra2 Bb5 47.Qe6 Nh6 48.Ra5 Bd7 49.Qa2 Nf5 50.Qd5 Qxd5
51.Rxd5 Ne3 52.Rd4 Nc2 53.Rc4 Ne3 54.Rc1 g4 55.c6 Bc8 56.Ra8 Bf5 57.b5 gxh3
58.gxh3 Rf8 59.Rxf8 Kxf8 60.b6  1-0

[Event "Las Vegas op"]
[Site "Las Vegas"]
[Date "1992.??.??"]
[Round "?"]
[White "Gurevich, Ilya"]
[Black "Szmetan, Ricardo"]
[Result "1-0"]
[WhiteElo "2475"]
[BlackElo "2305"]

1.e4 c5 2.Nf3 e6 3.d4 cxd4 4.Nxd4 a6 5.Bd3 Nf6 6.O-O d6 7.c4 g6 8.Nc3 Bg7
9.Bg5 O-O 10.Qd2 Nbd7 11.Rfd1 Qc7 12.Rac1 b6 13.Nf3 Ne5 14.Nxe5 dxe5 15.f3 Bb7
16.Bf1 Rfd8 17.Qf2 Rxd1 18.Rxd1 Bf8 19.Na4 Bc6 20.Nxb6 Rb8 21.Bxf6 Qxb6 22.Qxb6 Rxb6
23.Rd8 Rb7 24.Bxe5  1-0

[Event "Liechtenstein op"]
[Site "Liechtenstein"]
[Date "1992.??.??"]
[Round "?"]
[White "Borriss, Martin"]
[Black "Beilfuss, Wilfried"]
[Result "1-0"]
[WhiteElo "2395"]
[BlackElo "2220"]

1.e4 c5 2.Nf3 e6 3.d4 cxd4 4.Nxd4 a6 5.Bd3 Nf6 6.O-O d6 7.c4 g6 8.Nc3 Bg7
9.Bg5 O-O 10.Qd2 Qc7 11.Rac1 Nbd7 12.Rfd1 Re8 13.Nf3 b6 14.Bf1 Bf8 15.Bf4 Ne5
16.Nxe5 dxe5 17.Bg5 Be7 18.Bxf6 Bxf6 19.Qd6 Qa7 20.Na4 Rb8 21.Qc6 Rf8 22.b3 Be7
23.c5 bxc5 24.Nxc5 Rb6 25.Qa4 a5 26.Bb5 Rd6 27.Rxd6 Bxd6 28.b4 Bb7 29.Bc6 Rd8
30.Bxb7 Qxb7 31.Qxa5 Bxc5 32.bxc5 Qb2 33.Qc3 Qxa2 34.Qxe5 Qa3 35.Qc3 Qxc3
36.Rxc3 Kf8 37.Kf1 Ke7 38.Ke2 Rd4 39.Ke3 Rd1 40.h4 e5 41.g3 h5 42.c6 Rd8
43.f4 f6 44.c7 Rc8 45.Rc6 Kf7 46.fxe5 fxe5 47.Kd3 Ke7 48.Kc4  1-0

[Event "Ljubljana Iskra"]
[Site "Ljubljana"]
[Date "1992.??.??"]
[Round "?"]
[White "Magomedov, Magaram"]
[Black "Dizdarevic, Emir"]
[Result "1-0"]
[WhiteElo "2475"]
[BlackElo "2505"]

1.e4 c5 2.Nf3 e6 3.d4 cxd4 4.Nxd4 a6 5.Bd3 Nf6 6.O-O Qc7 7.Qe2 Bd6 8.Kh1 Nc6
9.c3 Ne5 10.f4 Nxd3 11.Qxd3 Be7 12.e5 Nd5 13.Qg3 O-O 14.Nd2 f5 15.c4 Nb4
16.b3 b6 17.Bb2 Bb7 18.Rfd1 Rab8 19.a3 Nc6 20.Ne2 b5 21.cxb5 axb5 22.b4 Qd8
23.Nb3 Rf7 24.Rd3 Bh4 25.Qh3 Bf2 26.Rad1 Na7 27.Bd4 Bxd4 28.Nexd4 Bd5 29.Nc5 Qf8
30.Nxf5 Rxf5 31.Nxd7 Qf7 32.Nxb8 Rxf4 33.Kg1 h6 34.Nd7 Nc6 35.Nf6+ gxf6 36.Rxd5 Nxe5
37.Qg3+ Rg4 38.Qxg4+  1-0

[Event "Malmo op"]
[Site "Malmo"]
[Date "1992.??.??"]
[Round "2"]
[White "Ernst, Thomas"]
[Black "Lind, Jan Olov"]
[Result "1-0"]
[WhiteElo "2540"]
[BlackElo "2295"]

1.e4 c5 2.Nf3 e6 3.d4 cxd4 4.Nxd4 a6 5.Bd3 Nc6 6.Nxc6 dxc6 7.Nd2 Bd6 8.Nc4 Bc7
9.Qg4 Nf6 10.Qxg7 Rg8 11.Qh6 Rg6 12.Qh4 Rg4 13.Qh3 e5 14.Qf3 Be6 15.h3 Rg6
16.Ne3 Ba5+ 17.Kf1 Qd4 18.Nf5 Bxf5 19.Qxf5 c5 20.Rb1 b5 21.Be3 Qd6 22.Be2 Rd8
23.g3 Bc7 24.Rd1 Qc6 25.Rxd8+ Kxd8 26.Bf3 Ke7 27.Kg2 Bd6 28.Rd1 Ne8 29.Qh5 Ng7
30.Qh4+ Ke8 31.Qxh7 Ne6 32.c3 c4 33.Kh2 Nf8 34.Qh5 Re6 35.Bg4 Re7 36.Bg5 Rc7
37.Bf6 Be7 38.Bxe5 Rb7 39.Bf5 b4 40.Qe2 Qa4 41.Qxc4 Qxd1 42.Qc8+ Bd8 43.Qxb7 Ne6
44.Bxe6 fxe6 45.Qxa6 Kf7 46.Qa7+ Be7 47.cxb4 Qd2 48.b5 Kg6 49.Qe3 Qb4 50.b6 Bc5
51.Qf4 Be7 52.Bc7 Qxb2 53.h4 Qxa2 54.b7  1-0

[Event "Malmo op"]
[Site "Malmo"]
[Date "1992.??.??"]
[Round "6"]
[White "Wieweg, Johnny"]
[Black "Lind, Jan Olov"]
[Result "1-0"]
[WhiteElo "2355"]
[BlackElo "2295"]

1.e4 c5 2.Nf3 e6 3.d4 cxd4 4.Nxd4 a6 5.Bd3 Nc6 6.Nxc6 dxc6 7.Nd2 e5 8.O-O Bd6
9.b3 Ne7 10.Nc4 Bc7 11.Qh5 Ng6 12.g3 Qd7 13.a4 Qh3 14.Qxh3 Bxh3 15.Re1 O-O-O
16.Be3 h5 17.Nb6+ Kb8 18.b4 Bd6 19.Rab1 Ne7 20.b5 cxb5 21.axb5 a5 22.Bd2 Bc5
23.Nc4 b6 24.Nxe5 Be6 25.Be3 Bxe3 26.Rxe3 h4 27.f4 hxg3 28.Rxg3 g6 29.f5 gxf5
30.exf5 Bd5 31.c4 f6 32.Ng6 Nxg6 33.fxg6 Bg8 34.Rf1 Rxd3 35.Rxd3 Bxc4 36.Rd6 Bxf1
37.Kxf1 Rf8 38.Rxb6+ Kc7 39.Rc6+ Kd7 40.h4 Rh8 41.g7 Rg8 42.Ra6 Ke7 43.b6 Kf7
44.b7 Rb8 45.Ra8  1-0

[Event "Malmo op"]
[Site "Malmo"]
[Date "1992.??.??"]
[Round "8"]
[White "Ernst, Thomas"]
[Black "Sjoberg, Mats"]
[Result "1-0"]
[WhiteElo "2540"]
[BlackElo "2380"]

1.e4 c5 2.Nf3 e6 3.d4 cxd4 4.Nxd4 a6 5.Bd3 Bc5 6.Nb3 Ba7 7.Nc3 d6 8.Qe2 Nf6
9.Be3 Bxe3 10.Qxe3 e5 11.O-O-O Qc7 12.Be2 b5 13.f4 O-O 14.Rhf1 b4 15.fxe5 dxe5
16.Nd5 Nxd5 17.exd5 Qd6 18.Na5 Nd7 19.Nc4 Qc5 20.Qxc5 Nxc5 21.d6 Bb7 22.Nxe5 Rfe8
23.d7 Nxd7 24.Rxd7 Rxe5 25.Rfxf7 Be4 26.Rxg7+ Kh8 27.Bd3 Bxd3 28.cxd3 Rc8+
29.Kd2 Rce8 30.Rxh7+ Kg8 31.Rdg7+ Kf8 32.Kc2 a5 33.Kb3 Re2 34.h4 R8e3 35.Ra7 Kg8
36.Rhd7 Re8 37.g4 Rg2 38.g5 Rg4 39.Rg7+ Kh8 40.h5 a4+ 41.Kxa4 b3+ 42.Kxb3 Rb4+
43.Ka3  1-0

[Event "Manila ol (Men)"]
[Site "Manila"]
[Date "1992.??.??"]
[Round "?"]
[White "Dutreeuw, Marc"]
[Black "Cheah, Eric"]
[Result "1-0"]
[WhiteElo "2425"]
[BlackElo "2275"]

1.e4 c5 2.Nf3 e6 3.d4 cxd4 4.Nxd4 a6 5.Bd3 Bc5 6.Nb3 Ba7 7.Qe2 Nc6 8.Be3 Bxe3
9.Qxe3 d6 10.Nc3 Nf6 11.O-O O-O 12.f4 Qc7 13.a4 b6 14.Nd2 Bb7 15.Nc4 Nd7
16.Rad1 Rad8 17.Be2 Nc5 18.f5 Nxe4 19.Nxe4 d5 20.f6 h6 21.Rf3 g5 22.Rg3 d4
23.Rxg5+  1-0

[Event "Manila ol (Men)"]
[Site "Manila"]
[Date "1992.??.??"]
[Round "?"]
[White "Barua, Dibyendu"]
[Black "Cramling, Pia"]
[Result "1/2-1/2"]
[WhiteElo "2555"]
[BlackElo "2530"]

1.e4 c5 2.Nf3 e6 3.d4 cxd4 4.Nxd4 a6 5.Bd3 Nf6 6.O-O Qc7 7.Qe2 d6 8.Nc3 Be7
9.Nb3 Nbd7 10.a4 b6 11.Bf4 Bb7 12.Bg3 Ne5 13.f4 Nxd3 14.cxd3 O-O 15.Rac1 Qd7
16.Nd4 Rac8 17.Bf2 Rfe8 18.g4 g6 19.g5 Nh5 20.Qg4 Bf8 21.Be3 f5 22.gxf6 Nxf6
23.Qh3 e5 24.Qxd7 Nxd7 25.Nb3 Bh6 26.Rce1 exf4 27.Bxf4 Bxf4 28.Rxf4 Ne5 29.Rd1 Rf8
30.Rxf8+ Rxf8 31.Nd4 Bc8 32.Kg2 Bd7 33.Rd2 Nc6 34.Nc2 Be6 35.d4 Na5 36.Ne3 Nc4
37.Nxc4 Bxc4 38.Rf2 Rxf2+ 39.Kxf2 a5 40.Ke3 Kf7 41.Kf4 Kf6 42.h4  1/2-1/2

[Event "Manila ol (Women)"]
[Site "Manila"]
[Date "1992.??.??"]
[Round "?"]
[White "Repkova Eid, Eva"]
[Black "Uskova, Fliura"]
[Result "1/2-1/2"]
[WhiteElo "2185"]
[BlackElo "2275"]

1.e4 c5 2.Nf3 e6 3.d4 cxd4 4.Nxd4 a6 5.Bd3 Ne7 6.O-O Nec6 7.Nf3 d6 8.c4 Be7
9.Nc3 Nd7 10.Be3 O-O 11.Rc1 b6 12.Nd4 Bb7 13.Nxc6 Bxc6 14.f4 Qb8 15.Rf3 Re8
16.Rh3 g6 17.Qd2 Qb7 18.Nd5 Bf8 19.Bd4 exd5 20.exd5 Bxd5 21.cxd5 Qxd5 22.Bc4 Qf5
23.Bd3 Qd5 24.Bc4 Qf5 25.Bd3  1/2-1/2

[Event "Manila ol (Women)"]
[Site "Manila"]
[Date "1992.??.??"]
[Round "?"]
[White "Repkova Eid, Eva"]
[Black "Bedolla, Luz Maria"]
[Result "1-0"]
[WhiteElo "2185"]
[BlackElo "2005"]

1.e4 c5 2.Nf3 e6 3.d4 cxd4 4.Nxd4 a6 5.Bd3 Nc6 6.Nxc6 dxc6 7.O-O e5 8.Qh5 Bd6
9.Bc4 Qe7 10.Bg5 Nf6 11.Qh4 Be6 12.Nd2 O-O-O 13.Rad1 h6 14.Bxf6 gxf6 15.Qh5 Rdg8
16.Bxe6+ Qxe6 17.Qf5 Rg7 18.Nc4 Bc5 19.c3 Rhg8 20.g3 Kb8 21.Qxe6 fxe6 22.b4 Ba7
23.Rd6 h5 24.Rxe6 h4 25.Kg2 Rg6 26.Rd1 R8g7 27.Rd8+ Kc7 28.Ree8 hxg3 29.fxg3 a5
30.Na3 Be3 31.Rc8+ Kb6 32.Nc4+ Kb5 33.Nxe3 Rd7 34.Ra8 Rd2+ 35.Kh3 Re2 36.a4+ Kb6
37.Nc4+ Kc7 38.Re7+  1-0

[Event "Manila ol (Women)"]
[Site "Manila"]
[Date "1992.??.??"]
[Round "?"]
[White "Londou, E."]
[Black "Zak, Irina"]
[Result "1/2-1/2"]
[WhiteElo "2245"]
[BlackElo "2130"]

1.e4 c5 2.Nf3 e6 3.d4 cxd4 4.Nxd4 a6 5.Bd3 g6 6.O-O Bg7 7.Nb3 Ne7 8.c4 d6
9.Nc3 Nd7 10.Bg5 O-O 11.Be2 Nf6 12.Qd2 Qc7 13.Rad1 Rd8 14.Rfe1 Rd7 15.Bf4 Ne8
16.Qe3 b6 17.Bg3 Qd8 18.Rd2 Bb7 19.Na4 Nc8 20.Red1 Bc6 21.Nc3 Raa7 22.Nd4 Ba8
23.Nf3 Ne7 24.Bh4 Nf6 25.Bxf6 Bxf6 26.Qf4 Nc8 27.e5 Be7 28.Rd3 Bxf3 29.Rxf3 Bg5
30.Qe4 dxe5 31.Rxd7 Rxd7 32.Qxe5 Bh6 33.g3 Bg7 34.Qb8 Ne7 35.Qxd8+ Rxd8 36.b4 Rd2
37.Bf1 Rc2 38.Na4 Bd4 39.a3 g5 40.h3 Nc6 41.Rd3 Bxf2+ 42.Kg2 Bd4+ 43.Kh1 Rxc4
44.Rd1 Rc2 45.Bd3 Ra2 46.Be4 Rxa3 47.Bxc6 Be5 48.Nxb6 Rxg3 49.Nd7 Bc3 50.Kh2 Re3
51.Rb1 f5 52.Bb7 Re2+ 53.Kg3 h5 54.Bxa6 f4+ 55.Kf3 Re3+ 56.Kg2 g4 57.hxg4 hxg4
58.Bf1 Rg3+ 59.Kh2 Bd4 60.b5 Rg1  1/2-1/2

[Event "Manila ol (Women)"]
[Site "Manila"]
[Date "1992.??.??"]
[Round "?"]
[White "Licina, Anita"]
[Black "Kunte, Mrunalini"]
[Result "1/2-1/2"]
[WhiteElo "2025"]
[BlackElo "2090"]

1.e4 c5 2.Nf3 e6 3.d4 cxd4 4.Nxd4 a6 5.Bd3 Nf6 6.O-O Qc7 7.Kh1 Nc6 8.Nxc6 dxc6
9.f4 c5 10.c4 Be7 11.Nc3 b6 12.Qe2 Bb7 13.Be3 g6 14.Rae1 O-O-O 15.a3 h5 16.Rb1 h4
17.b4 h3 18.g3 Ng4 19.Bc1 f5 20.Kg1 Qd6 21.Rf3 Qd4+ 22.Kh1 fxe4 23.Bxe4 Bxe4
24.Be3 Bxf3+ 25.Qxf3 Qd7 26.Qa8+ Kc7 27.Qa7+ Kc8  1/2-1/2

[Event "Manila ol (Women)"]
[Site "Manila"]
[Date "1992.??.??"]
[Round "?"]
[White "Ashlanian, L."]
[Black "Ipek, Nilufer"]
[Result "1-0"]
[WhiteElo "2210"]
[BlackElo "2085"]

1.e4 c5 2.Nf3 e6 3.d4 cxd4 4.Nxd4 a6 5.Bd3 Qc7 6.O-O Nf6 7.Qe2 h5 8.h3 Bc5
9.c3 Nc6 10.Be3 Ne5 11.Bc2 d5 12.Nd2 Ng6 13.Rfe1 Bd7 14.Rac1 Nf4 15.Bxf4 Qxf4
16.e5 Nh7 17.N2b3 Bb6 18.Qxh5 g6 19.Qf3 Qh6 20.Bd3 Ng5 21.Qg3 Rc8 22.f4 Nh7
23.Rf1 a5 24.Nd2 Ke7 25.Nf3 a4 26.Kh1 Nf8 27.Nh2 Be8 28.Ng4 Qh4 29.Qxh4+ Rxh4
30.Nf6 Nd7 31.Nxe8 Kxe8 32.Bb5 Ra8 33.Kh2 Ke7 34.Bxd7 Kxd7 35.g3 Rh7 36.a3 Ke7
37.b3  1-0

[Event "Manila ol (Men)"]
[Site "Manila"]
[Date "1992.??.??"]
[Round "?"]
[White "Hjartarson, Johann"]
[Black "Mortensen, Erling"]
[Result "1-0"]
[WhiteElo "2580"]
[BlackElo "2430"]

1.e4 c5 2.Nf3 e6 3.d4 cxd4 4.Nxd4 a6 5.Bd3 Qc7 6.O-O Nf6 7.Qe2 d6 8.c4 g6
9.Nc3 Bg7 10.Rd1 O-O 11.Nf3 Nc6 12.Bf4 Nd7 13.Rac1 Nde5 14.b3 Qe7 15.Bb1 Rb8
16.h3 b6 17.Qe3 Kh8 18.Ne2 f5 19.Nfd4 Nxd4 20.Nxd4 Bb7 21.Ne2 Bf6 22.Qxb6 g5
23.Bxe5 Bxe5 24.c5 dxc5 25.Qxc5 Qg7 26.exf5 Rbc8 27.Qb4 Rxc1 28.Nxc1 exf5
29.Bxf5 a5 30.Qb5 Bd4 31.Ne2 Ba7 32.Rd7 Qa1+ 33.Kh2 Bb8+ 34.f4 Qf6 35.Rxh7+ Kg8
36.Qc4+ Rf7 37.Rxf7  1-0

[Event "Manila ol (Men)"]
[Site "Manila"]
[Date "1992.??.??"]
[Round "?"]
[White "Milos, Gilberto"]
[Black "Motwani, Paul"]
[Result "1-0"]
[WhiteElo "2515"]
[BlackElo "2455"]

1.e4 c5 2.Nf3 e6 3.d4 cxd4 4.Nxd4 a6 5.Bd3 Nf6 6.O-O Qc7 7.Qe2 d6 8.c4 g6
9.Nc3 Bg7 10.Nf3 O-O 11.Bf4 Ng4 12.Rac1 Ne5 13.Rfd1 Nbc6 14.Qe3 Qe7 15.Be2 Bd7
16.Ne1 Rad8 17.Bh6 Bxh6 18.Qxh6 g5 19.Nc2 f6 20.Ne3 Ng6 21.g3 Nce5 22.Rf1 b5
23.cxb5 Bxb5 24.Bxb5 axb5 25.Nxb5 Rc8 26.Qh3 g4 27.Nxg4 Nf3+ 28.Kh1 Nd2 29.Rxc8 Rxc8
30.Re1 f5 31.Nh6+ Kg7 32.Nd4 Qf6 33.Nxe6+ Qxe6 34.Nxf5+ Kf6 35.f3 Nxf3 36.Rf1 Qxe4
37.Nxd6 Qd5 38.Qxc8 Ne5 39.Qf5+ Ke7 40.Ne4 Nd2 41.Qg5+  1-0

[Event "Manila ol (Men)"]
[Site "Manila"]
[Date "1992.??.??"]
[Round "?"]
[White "Wittmann, Walter"]
[Black "Afifi, Assem"]
[Result "1/2-1/2"]
[WhiteElo "2380"]
[BlackElo "2395"]

1.e4 c5 2.Nf3 e6 3.d4 cxd4 4.Nxd4 a6 5.Bd3 Nc6 6.Nxc6 dxc6 7.Nd2 e5 8.Nc4 Bd6
9.Be3 Be6 10.Nb6 Rb8 11.Bc4 Qe7 12.Qd3 Nf6 13.O-O-O Rd8 14.f3 O-O 15.Qb3 Bxc4
16.Qxc4 Nd7 17.Nxd7 Rxd7 18.Rd3 Rfd8 19.Rhd1 Bc7  1/2-1/2

[Event "Manila ol (Men)"]
[Site "Manila"]
[Date "1992.??.??"]
[Round "?"]
[White "Barcenilla, Rogelio"]
[Black "Fernandez, A."]
[Result "0-1"]
[WhiteElo "2465"]
[BlackElo "2325"]

1.e4 c5 2.Nf3 e6 3.d4 cxd4 4.Nxd4 a6 5.Bd3 Qc7 6.O-O Nf6 7.Nd2 d5 8.Qe2 Nc6
9.Nxc6 bxc6 10.c4 Bb7 11.h3 Be7 12.Re1 a5 13.b3 O-O 14.Bb2 a4 15.e5 Nd7 16.Bc2 g6
17.Nf3 Bb4 18.cxd5 cxd5 19.Rec1 a3 20.Bd4 Rfc8 21.Qe3 Qd8 22.h4 Rc7 23.h5 Rac8
24.Bd1 Nc5 25.hxg6 hxg6 26.Rc2 Ba6 27.Rac1 Qe7 28.Ng5 Kg7 29.Qf4 Bd3 30.Rxc5 Bxc5
31.Rxc5 Rxc5 32.Bxc5 Rxc5 33.Qh4 Qc7 34.Qh7+ Kf8 35.Qh8+ Ke7 36.Qf6+ Ke8
37.Bg4 Bf5 38.Bxf5 gxf5 39.Qh8+ Ke7 40.Qf6+ Ke8 41.Qh8+ Ke7 42.Qf6+ Ke8 43.Qh8+ Kd7
44.Qh7 Qa5 45.Kh2 Qd2 46.b4 Qxf2  0-1

[Event "Manila ol (Men)"]
[Site "Manila"]
[Date "1992.??.??"]
[Round "?"]
[White "Wedberg, Tom"]
[Black "Annakov, Babakuli"]
[Result "1-0"]
[WhiteElo "2465"]
[BlackElo "2365"]

1.e4 c5 2.Nf3 e6 3.d4 cxd4 4.Nxd4 a6 5.Bd3 Nf6 6.O-O d6 7.f4 Qc7 8.Nf3 Nbd7
9.Qe1 e5 10.Nc3 Be7 11.Kh1 O-O 12.fxe5 Nxe5 13.Bg5 Be6 14.Nd4 Nfg4 15.Bxe7 Qxe7
16.Nf5 Qg5 17.Qg3 Bxf5 18.Rxf5 Qe3 19.Qh4 Nh6 20.Rg5 Nhg4 21.Rxg4 Nxg4 22.Qxg4 Rae8
23.Rf1 Re6 24.Bc4 Rg6 25.Rxf7  1-0

[Event "Manila ol (Men)"]
[Site "Manila"]
[Date "1992.??.??"]
[Round "?"]
[White "Arnason, Jon L"]
[Black "Vyzmanavin, Alexey"]
[Result "1/2-1/2"]
[WhiteElo "2515"]
[BlackElo "2590"]

1.e4 c5 2.Nf3 e6 3.d4 cxd4 4.Nxd4 a6 5.Bd3 Qc7 6.O-O Nf6 7.Qe2 d6 8.c4 g6
9.Nc3 Bg7 10.Rd1 O-O 11.Nf3 Ng4 12.h3 Ne5 13.Nxe5 dxe5 14.Be3 Bd7 15.Rac1 Nc6
16.Nd5 exd5 17.cxd5 Rfd8 18.Qc2 Rac8 19.Rb1 b5 20.a4 Qb7 21.dxc6 Bxc6 22.axb5  1/2-1/2

[Event "Manila ol (Men)"]
[Site "Manila"]
[Date "1992.??.??"]
[Round "?"]
[White "Arnason, Jon L"]
[Black "Dizdarevic, Emir"]
[Result "1/2-1/2"]
[WhiteElo "2515"]
[BlackElo "2505"]

1.e4 c5 2.Nf3 e6 3.d4 cxd4 4.Nxd4 a6 5.Bd3 Nf6 6.O-O Qc7 7.Qe2 Bd6 8.Kh1 Nc6
9.Nxc6 dxc6 10.f4 e5 11.f5 b5 12.a4 Rb8 13.Be3 Nd7 14.Qg4 Kf8 15.Nc3 Bb7
16.Rad1 Be7 17.Qf3 Nf6 18.Bd4 Bd6 19.Ba7 Ra8 20.Bg1 Qe7 21.Qe3 h5 22.Be2 h4
23.Qb6 Ke8 24.h3 Rb8 25.Rd3 Bc8 26.Qe3 Rh6 27.Rfd1 Rb7 28.Bg4 Qc7 29.axb5 axb5
30.Ra1 Be7 31.Ra8 Rb8 32.Ra7 Rb7 33.Ra8 Rb8 34.Ra7 Rb7  1/2-1/2

[Event "Manila ol (Men)"]
[Site "Manila"]
[Date "1992.??.??"]
[Round "?"]
[White "Stefansson, Hannes"]
[Black "Lutz, Christopher"]
[Result "1/2-1/2"]
[WhiteElo "2455"]
[BlackElo "2540"]

1.e4 c5 2.Nf3 e6 3.d4 cxd4 4.Nxd4 a6 5.Bd3 Qc7 6.O-O Nf6 7.Qe2 d6 8.c4 g6
9.Nc3 Bg7 10.Rd1 O-O 11.Nf3 Nc6 12.Bf4 e5 13.Be3 Bg4 14.Bc2 Nd7 15.Nd5 Qd8
16.h3 Bxf3 17.Qxf3 Nc5 18.Qe2 Ne6 19.Qd2 Ncd4 20.Bd3 Rb8 21.f3 f5 22.exf5 gxf5
23.Rf1 Kh8 24.Rad1 b5 25.cxb5 axb5 26.Rc1 Qd7 27.Bb1 Qb7 28.Nb4 Rbc8 29.Rxc8 Rxc8
30.Nc2 Qf7 31.Nxd4 exd4 32.Bf4 Qf8 33.Bd3 Rc5 34.b4 Rc4 35.Bh2 Bh6 36.f4 Qf6
37.a4 d5 38.axb5 Bf8 39.Bxc4 dxc4 40.Qc2 c3 41.b6 Ng7 42.b7 Qb6 43.Qd3 Qxb7
44.Qxd4 Qxb4 45.Qxb4 Bxb4 46.Rc1 Ne6 47.Kf1 Nc5 48.Bg1 Nd3 49.Rc2 Nxf4 50.Bd4+ Kg8
51.Bxc3 Nd5 52.Bxb4 Ne3+ 53.Ke2 Nxc2 54.Bc5 f4 55.Kd2 Ne3 56.Bxe3 fxe3+ 57.Kxe3 Kf7
58.Kf4 Kf6 59.g4 Kg6 60.h4 Kf6 61.g5+ Kg6 62.Kg4 h6 63.h5+ Kg7 64.g6 Kg8  1/2-1/2

[Event "Manila ol (Men)"]
[Site "Manila"]
[Date "1992.??.??"]
[Round "?"]
[White "Al Modiahki, Mohamad"]
[Black "Sunye Neto, Jaime"]
[Result "0-1"]
[WhiteElo "2290"]
[BlackElo "2510"]

1.e4 c5 2.Nf3 e6 3.d4 cxd4 4.Nxd4 a6 5.Bd3 Bc5 6.Nb3 Ba7 7.O-O Nc6 8.Bf4 e5
9.Bd2 Nge7 10.Nc3 O-O 11.Bc4 d6 12.Bg5 Be6 13.Nd5 Rc8 14.Nd2 Qd7 15.Kh1 b5
16.Nxe7+ Nxe7 17.Bxe6 fxe6 18.Nf3 Ng6 19.Qd3 h6 20.Bd2 Qc6 21.Bb4 a5 22.Bxa5 Nf4
23.Qb3 Qxe4 24.Ne1 Qe2 25.Nd3 Qxc2 26.Nxf4 Qxb3 27.axb3 Rxf4 28.f3 Bd4 29.Bd2 Rf7
30.Ra6 Rc2 31.Bc3 Rd7 32.h3 Bxc3 33.bxc3 Rxc3 34.Rd1 d5 35.Rxe6 d4 36.Rxe5 d3
37.Kg1 Rxb3 38.Rd2 Kf7 39.Kf2 Kf6 40.Re4 Rd5 41.g3 b4 42.Rc4 Rb1 43.Ke3 b3
44.Rb4 Re1+ 45.Kf2 Rh1 46.Ke3 Rxh3 47.Rxb3 Re5+ 48.Kd4 Rxg3 49.Rdxd3 Rg1
50.Rb6+ Kf5 51.Rb7 Re8 52.Rf7+ Kg6 53.Rf4 Rd8+ 54.Ke3 Rxd3+ 55.Kxd3 Re1 56.Rg4+ Kf6
57.Rf4+ Ke6 58.Rg4 g5 59.Kd2 Re5 60.Ra4 Kf5 61.Kd3 h5 62.Rb4 Re6 63.Ra4 g4  0-1